00696cam a22002053a 450000100060000000300060000600500170001200800410002904000150007004200070008505000070009210000410009924501830014026000290032350600300035251600200038265300170040283000290041985600420044814279PGUSA20140828083315.0041206s2004||||xxu|||||s|||||000 | eng d aPGUSAbeng adc 4aQE1 aNicholson, Henry Alleyne,d1844-189914aThe Ancient Life History of the Earth :bA Comprehensive Outline of the Principles and Leading Facts of Palæontological Scienceh[electronic resource] /cHenry Alleyne Nicholson bProject Gutenberg,c2004 aPublic domain in the USA. aElectronic text aPaleontology 0aProject Gutenbergv1427940uhttp://www.gutenberg.org/ebooks/14279